[Event "4NCL 3 South pool A"]
[Site "Daventry, ENG"]
[Date "2018.11.18"]
[Round "2.11"]
[White "Walker, Nicholas P"]
[Black "Tukpetov, Evgeny"]
[Result "1/2-1/2"]
[WhiteElo "2132"]
[BlackElo "2231"]
[PlyCount "131"]
[EventDate "2018.11.18"]
[WhiteTeam "Cambridge University 2"]
[BlackTeam "Kings Head"]

1. e4 Nc6 2. Nf3 d6 3. b3 Nf6 4. Nc3 Bg4 5. Bb5 Qd7 6. d4 a6 7. Be2 e6 8. O-O
d5 9. exd5 Nxd5 10. Nxd5 Qxd5 11. c3 O-O-O 12. h3 Bh5 13. Bf4 Bd6 14. Bxd6 Qxd6
15. b4 f6 16. Qa4 e5 17. b5 axb5 18. Qxb5 Qd5 19. Qxd5 Rxd5 20. g4 Bg6 21. Bc4
Ra5 22. dxe5 Nxe5 23. Nxe5 Rxe5 24. Rfe1 Rhe8 25. Kf1 Rc5 26. Be6+ Kb8 27. Re3
Re5 28. Rxe5 Bd3+ 29. Ke1 fxe5 30. Bd5 e4 31. a4 g5 32. a5 c6 33. Bb3 Rf8 34.
Bd1 Rf6 35. Be2 Bxe2 36. Kxe2 Rf3 37. Ra4 Rxc3 38. Rxe4 Rxh3 39. Re5 h6 40. f3
Kc7 41. Rf5 Rh2+ 42. Kd3 Kb8 43. Kd4 Ra2 44. Rf6 Ra4+ 45. Kd3 Rxa5 46. Rxh6 Kc7
47. Rh7+ Kb6 48. Rg7 Rb5 49. Rf7 Kc5 50. f4 gxf4 51. g5 Rb3+ 52. Ke4 f3 53. g6
f2 54. Rxf2 Rg3 55. Kf5 b5 56. Kf6 b4 57. Rc2+ Kb5 58. g7 c5 59. Re2 Rxg7 60.
Kxg7 c4 61. Re5+ Ka4 62. Rc5 Kb3 63. Kf6 c3 64. Ke5 c2 65. Kd4 Kb2 66. Kd3
1/2-1/2

[Event "4NCL 3 South pool A"]
[Site "Daventry, ENG"]
[Date "2018.11.18"]
[Round "2.12"]
[White "McMichael, Richard J"]
[Black "Campbell, Mark C"]
[Result "1-0"]
[WhiteElo "2186"]
[BlackElo "1899"]
[PlyCount "59"]
[EventDate "2018.11.18"]
[WhiteTeam "Kings Head"]
[BlackTeam "Cambridge University 2"]

1. b3 e5 2. Bb2 Nc6 3. e3 d6 4. Nf3 g6 5. d4 Bg7 6. c4 Nge7 7. Be2 O-O 8. d5
Nb8 9. Nc3 Nd7 10. h4 h6 11. h5 g5 12. g4 f5 13. gxf5 Nxf5 14. Qc2 Nf6 15.
O-O-O c6 16. dxc6 bxc6 17. Nxe5 Qb6 18. Ng6 Rd8 19. Bd3 Nh4 20. Nxh4 gxh4 21.
Rxh4 d5 22. Rg1 Kh8 23. Ne2 Be6 24. Nf4 Bf7 25. Rxg7 Kxg7 26. Rg4+ Kf8 27. Bxf6
Rd7 28. Ng6+ Ke8 29. Ne5 Rd6 30. c5 1-0

[Event "4NCL 3 South pool A"]
[Site "Daventry, ENG"]
[Date "2018.11.18"]
[Round "2.13"]
[White "Webster, Peter An"]
[Black "Lewis, Alex"]
[Result "0-1"]
[WhiteElo "1891"]
[BlackElo "2175"]
[PlyCount "110"]
[EventDate "2018.11.18"]
[WhiteTeam "Cambridge University 2"]
[BlackTeam "Kings Head"]

1. e4 c5 2. c3 e5 3. Nf3 Nc6 4. Bc4 d6 5. d4 Bg4 6. Qb3 Qc7 7. Ng5 Bh5 8. d5
Nb8 9. f4 Nd7 10. O-O Ngf6 11. Nd2 a6 12. a4 exf4 13. Rxf4 h6 14. Nh3 g5 15.
Rf1 Bg7 16. Nf2 Ne5 17. Nd3 Nfd7 18. Nxe5 Nxe5 19. Nf3 O-O 20. Nxe5 Bxe5 21.
Be3 Rae8 22. Rae1 Qd7 23. Bf2 Bg6 24. Bd3 Re7 25. Qd1 Rfe8 26. Bc2 b5 27. axb5
axb5 28. Qf3 Kg7 29. Bg3 Bxg3 30. hxg3 Re5 31. Qf6+ Kg8 32. Re3 Qe7 33. b4 cxb4
34. Qxe7 R8xe7 35. cxb4 Bxe4 36. Bxe4 Rxe4 37. Rxe4 Rxe4 38. Rf6 Rxb4 39. Rxh6
Rd4 40. Rxd6 Kf8 41. Kf2 Ke7 42. Rb6 Rxd5 43. g4 Kd7 44. Ke3 Kc7 45. Rf6 b4 46.
Rxf7+ Kc6 47. Ke4 b3 48. Rf2 Rb5 49. Rb2 Kc5 50. Kd3 Kb4 51. Kd2 Ka3 52. Kc1
Rc5+ 53. Kb1 Re5 54. Ka1 Re1+ 55. Rb1 b2# 0-1

[Event "4NCL 3 South pool A"]
[Site "Daventry, ENG"]
[Date "2018.11.18"]
[Round "2.14"]
[White "Okike, David"]
[Black "Lim, Mark"]
[Result "1-0"]
[WhiteElo "2160"]
[BlackElo "1800"]
[PlyCount "99"]
[EventDate "2018.11.18"]
[WhiteTeam "Kings Head"]
[BlackTeam "Cambridge University 2"]

1. e4 e6 2. d4 d5 3. Nc3 Nf6 4. e5 Nfd7 5. f4 c5 6. Nf3 Nc6 7. Be3 a6 8. Qd2 b5
9. Nd1 cxd4 10. Nxd4 Nxd4 11. Bxd4 Bc5 12. Ne3 Bxd4 13. Qxd4 Qb6 14. O-O-O Qxd4
15. Rxd4 Nb6 16. h4 h5 17. Be2 Bd7 18. Re1 g6 19. b3 Ke7 20. Kb2 a5 21. c3 Ra7
22. Nc2 a4 23. Rb4 axb3 24. axb3 Rha8 25. Ra1 Rxa1 26. Nxa1 Ra5 27. Nc2 Na8 28.
Rd4 Nc7 29. Rd1 Ra8 30. Ra1 Rxa1 31. Nxa1 Bc6 32. g3 Ne8 33. Nc2 Ng7 34. Nd4
Kd7 35. Ka3 Kc7 36. Kb4 Kb6 37. Bd3 Nf5 38. Bxf5 gxf5 39. Nf3 Kc7 40. Kc5 Kd7
41. Nd4 Bb7 42. Kxb5 Ke7 43. Kb6 Bc8 44. b4 f6 45. Kc7 fxe5 46. fxe5 Bd7 47. b5
Bxb5 48. Nxb5 f4 49. gxf4 Kf7 50. Kd6 1-0

[Event "4NCL 3 South pool A"]
[Site "Daventry, ENG"]
[Date "2018.11.18"]
[Round "2.15"]
[White "Phillips, William"]
[Black "Davey, Mark"]
[Result "0-1"]
[WhiteElo "1862"]
[BlackElo "2050"]
[PlyCount "79"]
[EventDate "2018.11.18"]
[WhiteTeam "Cambridge University 2"]
[BlackTeam "Kings Head"]

1. d4 Nf6 2. Nf3 d5 3. e3 Bg4 4. Be2 e6 5. O-O Bd6 6. h3 Bh5 7. c4 c6 8. b3 Ne4
9. Bb2 f5 10. Ne5 Bxe2 11. Qxe2 O-O 12. Nc3 Bxe5 13. dxe5 Nd7 14. Rfd1 Qc7 15.
f4 Ndc5 16. cxd5 exd5 17. Rac1 Ng3 18. Qf3 Nge4 19. Ne2 Qa5 20. Bd4 Ne6 21. Bc3
Qxa2 22. Be1 Qa6 23. b4 Qb6 24. Nd4 Nxd4 25. Rxd4 Qd8 26. b5 Qd7 27. bxc6 bxc6
28. Rb4 Rfb8 29. Rcb1 Rxb4 30. Rxb4 c5 31. Rb1 c4 32. Qd1 Qc6 33. Qc2 a5 34.
Bc3 a4 35. Bd4 a3 36. Qa2 c3 37. Rc1 Qc4 38. Rc2 h6 39. g4 Rb8 40. Rc1 0-1

[Event "4NCL 3 South pool A"]
[Site "Daventry, ENG"]
[Date "2018.11.18"]
[Round "2.16"]
[White "Disu, Kayode"]
[Black "Sartain, Patrick"]
[Result "1-0"]
[WhiteElo "1960"]
[BlackElo "1540"]
[PlyCount "43"]
[EventDate "2018.11.18"]
[WhiteTeam "Kings Head"]
[BlackTeam "Cambridge University 2"]

1. d4 Nf6 2. c3 d6 3. Bg5 h6 4. Bxf6 exf6 5. e4 Be7 6. Bd3 c6 7. Ne2 Nd7 8. O-O
O-O 9. f4 Re8 10. Nd2 Nf8 11. f5 Nh7 12. Nf4 a5 13. Qh5 b5 14. Rf3 Ng5 15. Rg3
Kh8 16. h4 Ne6 17. fxe6 Bxe6 18. d5 cxd5 19. exd5 Qb6+ 20. Kf1 Qc5 21. Ne4 Qc7
22. dxe6 1-0

[Event "4NCL 3 South pool A"]
[Site "Daventry, ENG"]
[Date "2018.11.18"]
[Round "2.21"]
[White "Martin, Lewis"]
[Black "Brown, Alan M"]
[Result "0-1"]
[WhiteElo "2173"]
[BlackElo "2031"]
[PlyCount "124"]
[EventDate "2018.11.18"]
[WhiteTeam "Check Innmates 1"]
[BlackTeam "MK Phoenix 1"]

1. e4 e5 2. Nf3 Nc6 3. Bb5 a6 4. Ba4 Nf6 5. O-O Be7 6. Re1 b5 7. Bb3 d6 8. c3
Na5 9. Bc2 c5 10. d3 O-O 11. Nbd2 Qc7 12. h3 Nc6 13. Nf1 d5 14. exd5 Nxd5 15.
d4 cxd4 16. cxd4 exd4 17. Bb3 Be6 18. Nxd4 Nxd4 19. Qxd4 Rad8 20. Bd2 Bf6 21.
Qe4 Bxb2 22. Rad1 Nf6 23. Qf3 Bxb3 24. Qxb3 Bd4 25. Ng3 Rfe8 26. Rxe8+ Rxe8 27.
Nf5 Be5 28. Be3 Rd8 29. Rc1 Qd7 30. Nh4 Ne4 31. Nf3 Bf6 32. Qb4 Qd5 33. a4 bxa4
34. Qxa4 a5 35. Bb6 Nc3 36. Qc2 Re8 37. Be3 h6 38. Re1 a4 39. Bc1 Rxe1+ 40.
Nxe1 Qd1 41. Kf1 Qxc2 42. Nxc2 Kf8 43. Ke1 Nb5 44. Ke2 Nd4+ 45. Nxd4 Bxd4 46.
Ba3+ Ke8 47. f4 Kd7 48. Kd3 Bf6 49. g4 Be7 50. Bb2 g6 51. f5 gxf5 52. gxf5 a3
53. Be5 Bg5 54. Kc2 Kc6 55. Bg7 Kb5 56. Bf8 Ka4 57. Bg7 h5 58. Bd4 Kb4 59. Be5
Be7 60. f6 Bc5 61. Kd3 Kb3 62. Ke4 a2 0-1

[Event "4NCL 3 South pool A"]
[Site "Daventry, ENG"]
[Date "2018.11.18"]
[Round "2.22"]
[White "Smith, Graham"]
[Black "Richmond, Peter"]
[Result "1-0"]
[WhiteElo "2017"]
[BlackElo "2093"]
[PlyCount "77"]
[EventDate "2018.11.18"]
[WhiteTeam "MK Phoenix 1"]
[BlackTeam "Check Innmates 1"]

1. b3 e5 2. Bb2 d6 3. g3 g6 4. Bg2 Bg7 5. c4 Nc6 6. Nc3 f5 7. e3 Nf6 8. d3 O-O
9. Nge2 Be6 10. Nd5 Qd7 11. O-O Rae8 12. Qd2 Nd8 13. Qa5 c6 14. Nxf6+ Bxf6 15.
Qxa7 f4 16. exf4 Bh3 17. fxe5 Bxg2 18. Kxg2 Bxe5 19. Bxe5 dxe5 20. Qe3 Ne6 21.
f3 Rf5 22. Rad1 Ref8 23. d4 Qg7 24. d5 cxd5 25. Rxd5 Ng5 26. f4 exf4 27. Nxf4
Rxd5 28. cxd5 Qd7 29. Re1 Rxf4 30. gxf4 Qxd5+ 31. Kg3 Nf7 32. Qc3 Nd6 33. Qe5
Nf5+ 34. Kf2 Qd2+ 35. Re2 Qb4 36. Rc2 Qb6+ 37. Qc5 Qf6 38. Qd5+ Kg7 39. Qe5 1-0

[Event "4NCL 3 South pool A"]
[Site "Daventry, ENG"]
[Date "2018.11.18"]
[Round "2.23"]
[White "Headlong, Timothy"]
[Black "Freeman, Richard C P"]
[Result "1/2-1/2"]
[WhiteElo "2140"]
[BlackElo "1997"]
[PlyCount "77"]
[EventDate "2018.11.18"]
[WhiteTeam "Check Innmates 1"]
[BlackTeam "MK Phoenix 1"]

1. Nf3 g6 2. d4 Bg7 3. c4 d6 4. Nc3 Bg4 5. e3 Nd7 6. h3 Bxf3 7. Qxf3 Rb8 8. Be2
e5 9. d5 a6 10. e4 Ne7 11. h4 h5 12. Bg5 f6 13. Be3 c6 14. Qh3 cxd5 15. cxd5 b5
16. b4 Nb6 17. O-O Nc4 18. Bxc4 bxc4 19. Rab1 Qd7 20. Qxd7+ Kxd7 21. Na4 f5 22.
f3 Bf6 23. Nb6+ Ke8 24. Nxc4 Nc8 25. Bf2 g5 26. hxg5 Bxg5 27. exf5 Rf8 28. Be3
Rxf5 29. Bxg5 Rxg5 30. a3 Kd7 31. Rbe1 Ne7 32. f4 exf4 33. Rxf4 Nxd5 34. Rf7+
Kc6 35. Re6 Rbg8 36. Re2 R8g7 37. Na5+ Kb6 38. Nc4+ Kc6 39. Na5+ 1/2-1/2

[Event "4NCL 3 South pool A"]
[Site "Daventry, ENG"]
[Date "2018.11.18"]
[Round "2.24"]
[White "Reuben, Stewart"]
[Black "Truran, Michael C"]
[Result "1-0"]
[WhiteElo "1971"]
[BlackElo "2156"]
[PlyCount "89"]
[EventDate "2018.11.18"]
[WhiteTeam "MK Phoenix 1"]
[BlackTeam "Check Innmates 1"]

1. c4 c5 2. Nc3 b6 3. e4 Bb7 4. Nf3 e6 5. d4 cxd4 6. Nxd4 a6 7. Be2 Qc7 8. O-O
Be7 9. Be3 $11 Nf6 10. Qc2 d6 11. f4 Nbd7 12. Rad1 Rc8 13. h3 Qb8 14. g4 Qa8
15. Bf3 Rxc4 16. g5 Ng8 17. Qe2 Rc8 18. Bf2 Bf8 19. Bg4 Ne7 20. Nxe6 fxe6 21.
Bxe6 Ng6 22. Nd5 Bxd5 23. exd5 Qb7 24. Rfe1 Be7 25. Bd4 Nxf4 26. Bf7+ Kd8 27.
Qxe7+ Kc7 28. Bxg7 Rhd8 29. Be6 Nxe6 30. dxe6 Qf3 31. Qxd6+ Kb7 32. e7 Ne5 $11
33. exd8=N+ Rxd8 34. Qxe5 Rxd1 35. Rxd1 Qxd1+ 36. Kf2 Qd2+ 37. Kf3 Qd1+ 38. Qe2
Qh1+ 39. Kg3 Ka7 40. Bd4 Qd5 41. Qe7+ Ka8 42. Bxb6 Qd3+ 43. Be3 Kb8 44. Qb4+
Ka8 45. Qd4 1-0

[Event "4NCL 3 South pool A"]
[Site "Daventry, ENG"]
[Date "2018.11.18"]
[Round "2.25"]
[White "Richmond, Jane"]
[Black "Elwin, Adrian G"]
[Result "1-0"]
[WhiteElo "2054"]
[BlackElo "1979"]
[PlyCount "65"]
[EventDate "2018.11.18"]
[WhiteTeam "Check Innmates 1"]
[BlackTeam "MK Phoenix 1"]

1. e4 c6 2. Ne2 e5 3. d4 exd4 4. Qxd4 d6 5. c4 Qf6 6. Nbc3 Na6 7. Bf4 Nc5 8.
O-O-O Qxd4 9. Nxd4 Nf6 10. b4 Ne6 11. Nxe6 Bxe6 12. Bxd6 Bxd6 13. Rxd6 Ke7 14.
Rd2 Rhd8 15. Be2 Rxd2 16. Kxd2 a5 17. bxa5 Rxa5 18. Rb1 Ra7 19. Ke3 Nd7 20. Kd4
f5 21. Rb2 b6 22. f4 fxe4 23. Kxe4 Ra3 24. Kd4 Bf5 25. Rb3 Ra8 26. Bf3 Kd6 27.
Be4 Be6 28. Nb5+ Ke7 29. Bxc6 Rxa2 30. Re3 g6 31. Bd5 Nc5 32. Nc7 Rd2+ 33. Kc3
1-0

[Event "4NCL 3 South pool A"]
[Site "Daventry, ENG"]
[Date "2018.11.18"]
[Round "2.26"]
[White "Valentine, Brian J"]
[Black "Hackett, Dave G"]
[Result "1/2-1/2"]
[WhiteElo "1951"]
[BlackElo "2075"]
[PlyCount "109"]
[EventDate "2018.11.18"]
[WhiteTeam "MK Phoenix 1"]
[BlackTeam "Check Innmates 1"]

1. e4 c5 2. Nf3 Nc6 3. Bb5 Nd4 4. Bd3 g6 5. c3 Nc6 6. O-O Bg7 7. Bc2 d5 8. Qe2
Bg4 9. h3 Bxf3 10. Qxf3 d4 11. d3 Nf6 12. Ba4 O-O 13. Bxc6 bxc6 14. Re1 Nd7 15.
Bf4 Qb6 16. Re2 e5 17. Bc1 c4 18. dxc4 f5 19. cxd4 exd4 20. Nd2 Nc5 21. exf5
Rxf5 22. Qg3 d3 23. Re1 Qa5 24. Rb1 Qxa2 25. b4 Nb7 26. Qc7 Raf8 27. Qxb7 Rxf2
28. Qxc6 Rxd2 29. Qd5+ Kh8 30. Bxd2 Qxd2 31. Rf1 Qe3+ 32. Kh1 d2 33. Qc5 Re8
34. Qxe3 Rxe3 35. c5 Rc3 36. Rfd1 Bh6 37. Kg1 Kg7 38. Kf1 Kf6 39. Ra1 Rb3 40.
Rab1 $11 Rc3 41. Ke2 Ke5 42. Rxd2 Bxd2 43. Kxd2 Rg3 44. b5 Kd4 45. Ke2 $11 Kxc5
46. Kf2 Ra3 47. Re1 Kxb5 48. Re7 h5 49. g4 hxg4 50. hxg4 a5 51. Rg7 a4 52. Rxg6
Rc3 53. Rg8 a3 54. g5 Rc6 55. g6 1/2-1/2

[Event "4NCL 3 South pool A"]
[Site "Daventry, ENG"]
[Date "2018.11.18"]
[Round "2.31"]
[White "Amato, Giampiero"]
[Black "Moloney, Nicholas R"]
[Result "1/2-1/2"]
[WhiteElo "1974"]
[BlackElo "2167"]
[PlyCount "86"]
[EventDate "2018.11.18"]
[WhiteTeam "CSC 2"]
[BlackTeam "Fermented Sharks"]

1. e4 e5 2. Nf3 d6 3. d4 Nd7 4. Nc3 c6 5. Bc4 Be7 6. O-O Ngf6 7. Re1 O-O 8. a4
a5 9. Ba2 Qc7 10. h3 h6 11. Be3 Re8 12. Nh4 Nf8 13. Qf3 Be6 14. Nf5 Bxa2 15.
Rxa2 Kh7 16. Qg3 Ng6 17. dxe5 dxe5 18. Nxe7 Qxe7 19. Ra3 Nf4 20. Rb3 Red8 21.
Qf3 g5 22. Ne2 Nxe2+ 23. Qxe2 Kg7 24. Bb6 Rd7 25. Qe3 Qd6 26. f3 Qd2 27. Qxd2
Rxd2 28. Be3 Rd7 29. Kf2 Nh5 30. Ke2 Nf4+ 31. Bxf4 gxf4 32. Rd1 Rxd1 33. Kxd1
Rd8+ 34. Ke2 Rd7 35. Rd3 Rxd3 36. Kxd3 Kf6 37. Kc4 Kg5 38. Kd3 Kh4 39. Ke2 Kg3
40. Kf1 b5 41. b3 b4 42. Kg1 Kh4 43. Kf2 h5 1/2-1/2

[Event "4NCL 3 South pool A"]
[Site "Daventry, ENG"]
[Date "2018.11.18"]
[Round "2.32"]
[White "Okhai, Shabir"]
[Black "Lawson, Maurice E"]
[Result "1-0"]
[WhiteElo "2068"]
[BlackElo "1956"]
[PlyCount "83"]
[EventDate "2018.11.18"]
[WhiteTeam "Fermented Sharks"]
[BlackTeam "CSC 2"]

1. e4 c6 2. d4 d5 3. Nd2 dxe4 4. Nxe4 Bf5 5. Ng3 Bg6 6. h4 h6 7. Nf3 Nd7 8. h5
Bh7 9. Bd3 Bxd3 10. Qxd3 e6 11. Bd2 Ngf6 12. O-O-O Qc7 13. Ne4 O-O-O 14. g3 Nc5
15. Nxc5 Bxc5 16. c4 Bd6 17. Bc3 Rd7 18. Qe2 c5 19. d5 Re7 20. Bxf6 gxf6 21.
Qd2 exd5 22. Qxd5 Re6 23. Rhe1 Rhe8 24. Rxe6 Rxe6 25. Nh4 Be5 26. Nf5 Bd4 27.
Nxd4 Re5 28. Qf3 cxd4 29. Rxd4 Re1+ 30. Kd2 Qe7 31. a3 a6 32. Qd3 Re5 33. Rd5
Kc7 34. g4 Re6 35. Qf3 Re4 36. Kd3 Re1 37. Kc3 Re6 38. Qf4+ Kc8 39. Qxh6 Rc6
40. Qe3 Qf8 41. b4 Kb8 42. Qd4 1-0

[Event "4NCL 3 South pool A"]
[Site "Daventry, ENG"]
[Date "2018.11.18"]
[Round "2.33"]
[White "Mashayekh, Majid"]
[Black "Agnew, Alan"]
[Result "0-1"]
[WhiteElo "1901"]
[BlackElo "2061"]
[PlyCount "100"]
[EventDate "2018.11.18"]
[WhiteTeam "CSC 2"]
[BlackTeam "Fermented Sharks"]

1. c4 Nf6 2. Nc3 g6 3. e4 d6 4. g3 Bg7 5. Bg2 O-O 6. d3 c5 7. Nge2 Nc6 8. O-O
a6 9. a3 Rb8 10. Rb1 b5 11. h3 bxc4 12. dxc4 Na5 13. Qd3 Be6 14. Nd5 Nxd5 15.
cxd5 Bd7 16. Nc3 Rb3 17. Qc2 Qb6 18. Bd2 Nc4 19. Na4 Qb5 20. Nc3 Rxb2 21. Rxb2
Qxb2 22. Qxb2 Nxb2 23. Rb1 Nc4 24. Be1 Nxa3 25. Rb7 Nc2 26. Bd2 Rd8 27. Bf1 Kf8
28. Bxa6 Bxh3 29. Na4 Nb4 30. Bxb4 cxb4 31. Rxb4 f5 32. Bd3 fxe4 33. Bxe4 Bd7
34. Nb6 Be8 35. Kg2 Bf7 36. Bf3 h5 37. g4 Bf6 38. gxh5 gxh5 39. Rc4 Kg7 40. Rc8
Rxc8 41. Nxc8 Kg6 42. Be4+ Kg5 43. Kf3 h4 44. Nb6 Bh5+ 45. Ke3 h3 46. Nc4 Bc3
47. f4+ Kh4 48. Kf2 Bd4+ 49. Ne3 Bxe3+ 50. Kxe3 Kg3 0-1

[Event "4NCL 3 South pool A"]
[Site "Daventry, ENG"]
[Date "2018.11.18"]
[Round "2.34"]
[White "Voyiakis, Emmanuel"]
[Black "Vachtfeidl, Petr"]
[Result "0-1"]
[WhiteElo "2125"]
[BlackElo "1870"]
[PlyCount "94"]
[EventDate "2018.11.18"]
[WhiteTeam "Fermented Sharks"]
[BlackTeam "CSC 2"]

1. Nf3 d5 2. g3 Nf6 3. Bg2 c5 4. d3 Nc6 5. Nbd2 g6 6. O-O Bg7 7. e4 O-O 8. Re1
b6 9. c3 dxe4 10. dxe4 Rb8 11. Qe2 e6 12. Nf1 Bb7 13. Bf4 Ra8 14. Rad1 Qc8 15.
Bd6 Rd8 16. b4 cxb4 17. cxb4 Ne8 18. Bf4 Rxd1 19. Rxd1 Nxb4 20. Rc1 Qd7 21. Ne5
Qa4 22. Ne3 Qxa2 23. Qb5 Qa5 24. Qd7 Bxe5 25. Qxb7 Rb8 26. Qe7 Bf6 27. Qd7 Rd8
28. Qb7 Nd3 29. Rd1 Nxf4 30. Rxd8 Qe1+ 31. Bf1 Nh3+ 32. Kg2 Qxf2+ 33. Kxh3 Bxd8
34. Qd7 Bg5 35. Qxe8+ Kg7 36. Bb5 Qxe3 37. Qa8 h5 38. Qb7 Qf3 39. Qxa7 Qxe4 40.
Qxb6 h4 41. Bc6 Qf5+ 42. Kg2 h3+ 43. Kg1 Qd3 44. Qb2+ Bf6 45. Qc1 Bd4+ 46. Kh1
e5 47. Qe1 f5 0-1

[Event "4NCL 3 South pool A"]
[Site "Daventry, ENG"]
[Date "2018.11.18"]
[Round "2.35"]
[White "Towers, Nigel S"]
[Black "Millward, Kevin P"]
[Result "0-1"]
[WhiteElo "1843"]
[BlackElo "2000"]
[PlyCount "58"]
[EventDate "2018.11.18"]
[WhiteTeam "CSC 2"]
[BlackTeam "Fermented Sharks"]

1. e4 d5 2. exd5 Qxd5 3. Nc3 Qd6 4. d4 c6 5. Nf3 Nf6 6. Be2 g6 7. O-O Nbd7 8.
Bg5 Bg7 9. Qd2 h6 10. Bf4 Qb4 11. a3 Qb6 12. Na4 Qd8 13. c4 g5 14. Be3 Ng4 15.
Bxg5 hxg5 16. Qxg5 Bf6 17. Qxg4 Nb6 18. Qe4 Nxa4 19. c5 Qd5 20. Qc2 b5 21. b3
Bf5 22. Qc1 Qxb3 23. Bd1 Qd5 24. Qe3 Nb2 25. Bb3 Nc4 26. Qc1 Be4 27. Ne1 Qh5
28. h3 Bxg2 29. Nxg2 Qxh3 0-1

[Event "4NCL 3 South pool A"]
[Site "Daventry, ENG"]
[Date "2018.11.18"]
[Round "2.36"]
[White "George, Matthew P"]
[Black "Byrne, Nigel"]
[Result "1-0"]
[WhiteElo "2001"]
[BlackElo "1745"]
[PlyCount "67"]
[EventDate "2018.11.18"]
[WhiteTeam "Fermented Sharks"]
[BlackTeam "CSC 2"]

1. Nf3 d6 2. c4 e5 3. Nc3 f5 4. g3 Nf6 5. Bg2 Be7 6. d3 c6 7. O-O Na6 8. Rb1
Nc7 9. b4 O-O 10. a4 h6 11. b5 Qe8 12. bxc6 bxc6 13. c5 Ne6 14. Ba3 Qd8 15. Qb3
Kh7 16. cxd6 Bxd6 17. Nxe5 Bxe5 18. Bxf8 Qxf8 19. Qc4 Nd8 20. d4 Be6 21. Qd3
Bd6 22. Rfd1 Rc8 23. f3 Nd5 24. e4 Nb6 25. a5 Nc4 26. a6 Kh8 27. Kh1 Ba3 28.
Qe2 Bb4 29. exf5 Bg8 30. Ne4 Nd6 31. f6 Nxe4 32. fxg7+ Kxg7 33. fxe4 Ba5 34.
Qg4+ 1-0

[Event "4NCL 3 South pool A"]
[Site "Daventry, ENG"]
[Date "2018.11.18"]
[Round "2.41"]
[White "Hall, John"]
[Black "Hughes, Roy"]
[Result "1-0"]
[WhiteElo "2200"]
[BlackElo "2013"]
[PlyCount "115"]
[EventDate "2018.11.18"]
[WhiteTeam "Leeds University Old Boys"]
[BlackTeam "Iceni 1"]

1. e4 d5 2. exd5 Qxd5 3. Nc3 Qd6 4. d4 Nf6 5. Nf3 c6 6. Be2 Bf5 7. Nh4 Be6 8.
O-O Nbd7 9. f4 Nb6 10. f5 Bc4 11. Bxc4 Nxc4 12. Qd3 Nb6 13. Bf4 Qd7 14. Ne4
Nxe4 15. Qxe4 Qd5 16. Qd3 g6 17. Be5 Rg8 18. b3 Nd7 19. Rae1 O-O-O 20. Bg3 Bg7
21. fxg6 hxg6 22. Rxe7 Qxd4+ 23. Qxd4 Bxd4+ 24. Kh1 f5 25. Nf3 Bf6 26. Rf7 Rdf8
27. Rxf8+ Rxf8 28. Re1 g5 29. Bf2 b6 30. Nd4 c5 31. Nxf5 Be5 32. g4 Rh8 33. Bg1
Bf4 34. Ne7+ Kd8 35. Ng6 Bd2 36. Nxh8 Bxe1 37. Nf7+ Ke7 38. Nxg5 Ne5 39. h3 Nc6
40. a3 Bc3 41. Ne4 Bb2 42. a4 Nb4 43. Nxc5 Nxc2 44. Nd3 Bc3 45. Kg2 Na1 46. b4
Nc2 47. b5 Na1 48. Kf3 Nb3 49. Ke4 Ke6 50. Be3 Bg7 51. h4 Na5 52. Bd4 Bf8 53.
Nf4+ Kf7 54. Kd5 Nb3 55. g5 Bc5 56. Bc3 Bf2 57. h5 Nc5 58. g6+ 1-0

[Event "4NCL 3 South pool A"]
[Site "Daventry, ENG"]
[Date "2018.11.18"]
[Round "2.42"]
[White "Ortiz Sanchez, Luis"]
[Black "Pickard, Charles"]
[Result "0-1"]
[WhiteElo "1952"]
[BlackElo "2150"]
[PlyCount "60"]
[EventDate "2018.11.18"]
[WhiteTeam "Iceni 1"]
[BlackTeam "Leeds University Old Boys"]

1. c4 c5 2. Nf3 e6 3. Nc3 Nc6 4. g3 Nf6 5. Bg2 d5 6. cxd5 Nxd5 7. O-O Nc7 8. d3
Be7 9. Be3 O-O 10. Rc1 e5 11. Na4 b6 12. Nd2 Nd5 13. Bxd5 Qxd5 14. Nc3 Qd7 15.
f3 Bb7 16. Qa4 Rfd8 17. Nde4 h6 18. Nf2 Qe6 19. Qg4 f5 20. Qc4 Qxc4 21. dxc4
Nd4 22. g4 Rd6 23. Rfd1 Rg6 24. Kf1 Rf8 25. Bxd4 cxd4 26. gxf5 Rxf5 27. Nce4
Rh5 28. Ke1 Rxh2 29. Kd2 Rgg2 30. Rf1 Bxe4 0-1

[Event "4NCL 3 South pool A"]
[Site "Daventry, ENG"]
[Date "2018.11.18"]
[Round "2.44"]
[White "Crombleholme, Alan K"]
[Black "Wojciechowski, Paul"]
[Result "1/2-1/2"]
[WhiteElo "1976"]
[BlackElo "1908"]
[PlyCount "41"]
[EventDate "2018.11.18"]
[WhiteTeam "Iceni 1"]
[BlackTeam "Leeds University Old Boys"]

1. Nf3 Nf6 2. c4 g6 3. Nc3 d5 4. cxd5 Nxd5 5. Qa4+ Nc6 6. Ne5 Nxc3 7. dxc3 Bd7
8. Nxd7 Qxd7 9. e4 Ne5 10. Qxd7+ Nxd7 11. Be3 Bg7 12. O-O-O a6 13. Be2 O-O-O
14. g4 Nf6 15. f3 h5 16. g5 Nd7 17. f4 e6 18. Rd2 Nb6 19. Rhd1 Rxd2 20. Rxd2
Rd8 21. Bxb6 1/2-1/2

[Event "4NCL 3 South pool A"]
[Site "Daventry, ENG"]
[Date "2018.11.18"]
[Round "2.45"]
[White "Birkin, Mark H"]
[Black "Ruthen, Stephen W"]
[Result "0-1"]
[WhiteElo "1967"]
[BlackElo "1993"]
[PlyCount "46"]
[EventDate "2018.11.18"]
[WhiteTeam "Leeds University Old Boys"]
[BlackTeam "Iceni 1"]

1. e4 e5 2. Nc3 Nf6 3. g3 Bc5 4. Bg2 d6 5. Nge2 Nc6 6. O-O a6 7. h3 h5 8. Nd5
h4 9. d4 Nxd4 10. Bg5 hxg3 11. Nxg3 c6 12. Bxf6 gxf6 13. Ne3 Kd7 14. c3 Ne6 15.
Nef5 Kc7 16. b4 Ba7 17. Qd2 Nf4 18. Rfd1 Bxf5 19. Nxf5 Rg8 20. Nh4 Qd7 21. Kf1
Rad8 22. f3 Nxg2 23. Nxg2 Qxh3 0-1

[Event "4NCL 3 South pool A"]
[Site "Daventry, ENG"]
[Date "2018.11.18"]
[Round "2.46"]
[White "Feavyour, John A"]
[Black "Harvey, John"]
[Result "1-0"]
[WhiteElo "1970"]
[BlackElo "1710"]
[PlyCount "119"]
[EventDate "2018.11.18"]
[WhiteTeam "Iceni 1"]
[BlackTeam "Leeds University Old Boys"]

1. d4 e6 2. c4 c5 3. e3 Nf6 4. Nc3 d5 5. Nf3 Nc6 6. a3 cxd4 7. Nxd4 Be7 8. Be2
O-O 9. O-O Nxd4 10. Qxd4 dxc4 11. Qxc4 Bd7 12. Bf3 Qb6 13. b4 Rac8 14. Qb3 Bc6
15. e4 Rfd8 16. Be3 Qc7 17. Rfd1 b6 18. Rxd8+ Rxd8 19. Rc1 Qb7 20. b5 Be8 21.
a4 e5 22. Be2 Rc8 23. f3 Bc5 24. Bxc5 Rxc5 25. Na2 Qc7 26. Bc4 g6 27. Nb4 Kg7
28. Na6 Qd6 29. Nxc5 Qxc5+ 30. Kf1 Nd7 31. Qb2 Qe7 32. Bd5 Nc5 33. Qc2 Qh4 34.
Kg1 h5 35. Qc4 Qf6 36. a5 h4 37. axb6 axb6 38. Qe2 h3 39. g3 Qg5 40. Ra1 Bxb5
41. f4 Qxg3+ 42. hxg3 Bxe2 43. fxe5 Bg4 44. Ra7 Ne6 45. Bxe6 Bxe6 46. Rb7 Kh6
47. Rxb6 Kg5 48. Kf2 Kg4 49. Rb8 Bc4 50. Rh8 Be6 51. Rh4+ Kg5 52. Kf3 Bd7 53.
Ke3 Be6 54. Kd4 Bd7 55. Kc5 Be6 56. Kd6 h2 57. Ke7 h1=Q 58. Rxh1 Kg4 59. Rf1
Kxg3 60. Rxf7 1-0

[Event "4NCL 3 South pool A"]
[Site "Bedford, ENG"]
[Date "2019.01.12"]
[Round "3.11"]
[White "Hall, John"]
[Black "Tukpetov, Evgeny"]
[Result "1-0"]
[WhiteElo "2192"]
[BlackElo "2233"]
[PlyCount "95"]
[EventDate "2019.01.12"]
[WhiteTeam "Leeds University Old Boys"]
[BlackTeam "Kings Head"]

1. e4 b6 2. d4 Bb7 3. Bd3 Nf6 4. Nc3 e6 5. Nge2 c5 6. d5 exd5 7. exd5 Nxd5 8.
Nxd5 Bxd5 9. O-O Be6 10. Nf4 Nc6 11. Nxe6 dxe6 12. Bf4 Be7 13. Bb5 Qxd1 14.
Raxd1 Rc8 15. Ba6 Rd8 16. Rxd8+ Nxd8 17. Bb5+ Kf8 18. Rd1 f6 19. Bd6 a6 20.
Bxa6 Bxd6 21. Rxd6 Ke7 22. Rxb6 h5 23. a4 Kd7 24. a5 Kc7 25. c3 h4 26. Be2 Nc6
27. Rb5 Rb8 28. Rxb8 Kxb8 29. a6 Ka7 30. f4 Nb8 31. Kf2 Nxa6 32. Bxa6 Kxa6 33.
b3 Kb5 34. Kf3 Kc6 35. Ke4 Kd6 36. Kd3 Kd5 37. b4 cxb4 38. cxb4 g6 39. Kc3 f5
40. h3 e5 41. fxe5 Kxe5 42. Kc4 Kd6 43. Kd4 g5 44. Kc4 g4 45. Kd4 f4 46. hxg4
f3 47. Ke3 fxg2 48. Kf2 1-0

[Event "4NCL 3 South pool A"]
[Site "Bedford, ENG"]
[Date "2019.01.12"]
[Round "3.12"]
[White "McMichael, Richard J"]
[Black "Pickard, Charles"]
[Result "1/2-1/2"]
[WhiteElo "2173"]
[BlackElo "2142"]
[PlyCount "53"]
[EventDate "2019.01.12"]
[WhiteTeam "Kings Head"]
[BlackTeam "Leeds University Old Boys"]

1. f4 c5 2. Nf3 g6 3. e4 Bg7 4. Nc3 e6 5. d4 cxd4 6. Nxd4 a6 7. a4 Ne7 8. Be3
d5 9. e5 Nbc6 10. Bd3 Nxd4 11. Bxd4 Nc6 12. Bf2 f6 13. exf6 Bxf6 14. O-O O-O
15. Qd2 Qd6 16. Kh1 Bd7 17. Ne2 Rac8 18. Rab1 Nb4 19. b3 e5 20. Bg3 Nxd3 21.
cxd3 Bf5 22. fxe5 Bxe5 23. Rbe1 Bg4 24. Rxf8+ Rxf8 25. d4 Bxg3 26. Nxg3 Qf4 27.
Qb4 1/2-1/2